000 01230nam a2200301 i 4500
001 bg
245 0 0 _aAwarie budowlane :
_bXIX konferencja naukowo-techniczna, Szczecin - Międzyzdroje 19-22 maja 1999 : referaty.
_nT. 1 /
_c[oprac. red. Maria Kaszyńska] ; Politechnika Szczecińska. Wydział Budownictwa i Architektury.
260 _aSzczecin :
_bWydawnictwo Uczelniane Politechniki Szczecińskiej,
_c[1999]
300 _a450 s. :
_bfot., pl., rys., wykr. ;
_c24 cm.
500 _aTyt. grzbiet. : Awarie budowlane '99 - Tekst częśc. ang. - Streszcz. ang., pol.
500 _aNa prawach rps.
504 _aBibliogr. przy ref.
650 9 _aGeologia inżynierska
650 9 _aKatastrofy budowlane
650 9 _aKonstrukcje budowlane
_xbezpieczeństwo
655 _aMateriały konferencyjne
700 1 _aKaszyńska, Maria.
_eRed.
710 0 _aPolitechnika Szczecińska
_bWydział Budownictwa i Architektury
020 _a8387423726 (t. 1)
020 _a838742367X (całość)
040 _cBPK
041 0 _aplen
_benpl
080 _a624.01/.07:69.059:614.8:624.131](061)
920 _a83-87423-72-6 (t. 1)
920 _a83-87423-67-X (całość)
942 _cKS
008 s pl f |000 0 pol
999 _c39028
_d39028